Vzopretie mladšieho brata skvelý výkon Miroslava Matiaška vo Svetovom pohári v bietlone - šieste miesto

Bibliographic Details
Main Author: Lehoťan, Ivor, 1966- (Author)
Format: Article
Language:Slovak
Subjects:

MARC

LEADER 00000nab a2200000 ar4500
001 vtls010203333
003 SK-MaSNL
005 20260304173419.0
008 110113c20101217xo |||||||||||000 b|slo
015 |a SNBRB2011/01  |2 snkbucl 
038 |a SNKBUCL 
040 |a SNKBUCL  |b slo  |c SNKBUCL  |e AACR2 
041 0 |a slo 
044 |a xo  |c SK 
080 |a 796.928.093.1  |x (100)  |2 2001 
100 1 |a Lehoťan, Ivor,  |d 1966-  |4 aut  |9 105454 
245 1 0 |a Vzopretie mladšieho brata  |b skvelý výkon Miroslava Matiaška vo Svetovom pohári v bietlone - šieste miesto  |c Ivor Lehoťan 
300 |b Fotogr. 
648 7 |a sezóna 2010/2011  |2 snkbucl  |9 1038786 
650 0 7 |a lyžovanie  |2 snkbucl  |9 3256 
650 0 7 |a biatlon  |2 snkbucl  |9 13519 
650 0 7 |a Svetový pohár  |2 snkbucl  |9 842306 
651 7 |a Hochfilzen, Rakúsko  |2 snkbucl  |9 1503831 
773 0 |t Šport  |g Roč. 64, č. 290 (17.12.2010), s. 35  |x 0139-7001 
852 |a SNK  |b KIS3GCP 
999 |c 3003161  |d 3005091